|
|
|
|
| LEADER |
00595cam a2200133 7i4500 |
| 001 |
0000025136 |
| 005 |
20101125090000.0 |
| 090 |
0 |
0 |
|a I 338.7025
|b WOR
|
| 245 |
0 |
0 |
|a World directory of trade promotion organizations and other trade support institutions =
|l Repertoire mondial D`organisations De Promotion Du Commerce Et Autres Institutions D`Appui Au Commerce.
|
| 260 |
0 |
0 |
|a Geneva:
|b International Trade Centre (ITC),
|c 2009.
|
| 300 |
# |
# |
|a 197 p.
|
| 650 |
0 |
0 |
|a Business --
|x Directories Trade Promotion Organizations --
|x Directories
|
| 999 |
|
|
|a 0000027658
|b Directories
|c Tariffs
|e Business Information Centre
|